00743mam a2200217 a 4500008004100000020002300041050002200064100002200086245009300108260005200201300003300253440005100286504004200337500002000379650002600399650002600425650004700451003000100498005001700499040000900516  a0521435226 (pbk.)00aQC174.85.S34fBAR1 aBarenblatt, G. I.10aScaling, self-similarity, and intermediate asymptotics /cGrigory Isaakovich Barenblatt. aNew York :bCambridge University Press,cc1996. axv, 386 p. :bill. ;c24 cm. 0aCambridge texts in applied mathematics ;vno14 aIncludes bibliographical references . a Includes index 0aMathematical physics. 0aDimensional analysis. 0aDifferential equationsxAsymptotic theory.20230123134114.0 cNUST